000 01748nam0a2200301 4500
001 RU\NLR\bibl\1714560
005 20260409063256.0
010 _a978-5-699-44860-9
_93500
021 _aRU
_b2010-72725
_9701д/2010
035 _a(NLR Aleph) 001705574
090 _a1247676
_c1247676
100 _a20101215d2010 |||y0rusy50 ca
101 0 _arus
102 _aRU
105 _ay |||||||||
200 1 _aАрбитражный процессуальный кодекс Российской Федерации
_eтекст с изменениями и дополнениями на 10 октября 2010 года
_e[от 24 июля 2002 года N° 95-Ф3
_eпринят Государственной Думой 14 июня 2002 года
_eодобрен Советом Федерации 10 июля 2002 года
_eФедеральный закон от 30 апреля 2010 г. N° 69-ФЗ ... Федеральный закон от 28 июля 2004 г. N° 80-ФЗ]
210 _aМосква
_cЭксмо
_d2010
215 _a174, [1] с.
_d20
225 1 _aЗаконы и кодексы
604 _171001$aРоссийская Федерация
_150011$aАрбитражный процессуальный кодекс$2nlr_sh2$3RU\NLR\AUTH\661262504
_aРоссийская Федерация
_tАрбитражный процессуальный кодекс
_92086371
_3RU\NLR\AUTH\661262504
686 _aХ629.221-324.9(2Р)
740 1 _aРоссийская Федерация
_tЗаконы
_iАрбитражный процессуальный кодекс
_3RU\NLR\AUTH\880379475
_9425334
801 0 _aRU
_bNLR
_c20101215
_gRCR
801 1 _aRU
_bNLR
_c20101215
942 _cBOOK
980 _aNB